LEADER 01626nam a2200349 u 4500 001 000000022978 003 CaOOAMICUS 005 20150723151531.0 008 950428s1969 it u000 u ita u 035 $a10577325 040 $aPUL(R)$bita 041 1 $aita$hger 100 1 $aMarxsen, Willi.$0(OLS)http://pul/name/11769 240 10$aAnfangsprobleme der Christologie.$lItaliano.$0(OLS)http://pul/title/32007 245 10$aAlle origini della cristologia /$cWilli Marxsen ; edizione italiana a cura di Carmine Benincasa ; introduzione e traduzione di Bruno Liverani. 260 $aBologna :$bDehoniane,$c1969. 300 $a162 p.$c22 cm 490 1 $aEpifania della parola ;$v4 504 $aBibliografia in nota. 600 04$aIesus Christus$xTeologia.$0(OLS)http://pul/subject/322 700 1 $aBenincasa, Carmine.$0(OLS)http://pul/name/19449 700 1 $aLiverani, Bruno.$0(OLS)http://pul/name/19450 830 0$aEpifania della parola ;$v4.$0(OLS)http://pul/title/32009 850 $aPUL 852 $aPUL$W1$xDP2 Religione 1$y63$m65 E 6$j32203$nBK-PRI$qStampati$B32203$CPULBib$Z2$F32203 $82 852 $aPUL$W1$xDP1 Fondo Bordoni$y120$m3 A 73$j157691$qFondi$B172605$CPULBib$Z2$F172605 $HBor1816 $81 852 $aPUL$W1$xDP1 Fondo S. Lanza$y121$m3 M 18$j167895$qFondi$B168454$CPULBib$Z2$F168454 $HLAN2421 $82 941 1 $a8 941 1 $a1 961 $aNota ms. di possesso: Sergio Lanza 996 $6245$aAlle origini della cristologia$9(OLS)http://pul/title/32008 996 $6260$aBologna :$bDehoniane$9(OLS)http://pul/publisher/48655 LEADER 01031nam a2200253 a 4500 001 000000154359 003 CaOOAMICUS 005 20160928104553.0 008 160928s1941 it u000 u ita r 032 $aLibriCat 040 $aPUL$bita 100 1 $aFanelli, Giuseppe.$0(OLS)http://pul/name/98265 245 13$aLe assicurazioni private nella giurisprudenza italiana :$brassegna critica /$cAvv. Giuseppe Fanelli. 260 $aRoma :$bAssicurazioni,$c1941. 300 $aXX, 325 p. ;$c25 cm. 500 $aInclude indice. 504 $aBibliografia in nota. 650 4$aAssicurazioni$zItalia$xDiritto.$0(OLS)http://pul/subject/27569 850 $aPUL 852 $aPUL$W1$xDP1 Fondo G. Barberini$y122$m4 H 4$j177425$qFondi$B180395$CPULBib$Z2$F180395 $HBar1394 $81 941 1 $a1 996 $6245$aLe assicurazioni private nella giurisprudenza italiana :$brassegna critica$9(OLS)http://pul/title/193965 996 $6260$aRoma :$bAssicurazioni$9(OLS)http://pul/publisher/85401